000 00793 a2200241 4500
003 OSt
005 20180116192335.0
008 120229t xxu||||| |||| 00| 0 eng d
010 _a92045140
020 _a0262181517
040 _c0
082 0 0 _a363.50904
100 1 _aRowe, Peter G.
_9450
245 1 0 _aModernity and housing /
_cPeter G. Rowe.
260 _aCambridge, Mass. :
_bMIT Press,
_cc1993.
300 _a408 p. :
_bill. ;
_c29 cm.
500 _aIncludes index
650 0 _aHousing
_xHistory
_y20th century
_xCase studies.
_9451
650 0 _aHousing development
_xHistory
_y20th century
_xCase studies.
_9452
650 0 _aArchitecture, Domestic
_xCase studies.
_9453
942 _aSADA
_cBK
_k363.50904 ROW 1993
_2ddc
999 _c352443
_d352443